000
00434nam a2200169Ia 4500
008
090711s9999 xx 000 0 und d
082
_b
42542
100
_a
देसाई नयनतारा
245
_a
मळभ
260
_c
1980
300
_a
183
600
_a
देसाई नयनतारा
630
_a
मळभ
700
_a
देसाई नयनतारा
730
_a
मळभ
942
_c
BOOK
999
_c
295162
_d
295162